Enfermedades de las gallinas /
Guardado en:
| Autor Principal: | |
|---|---|
| Formato: | Libro |
| Publicado: |
Buenos Aires :
Suelo Argentino,
1954
|
| Edición: | 2a. ed. |
| Materias: | |
| Etiquetas: |
Agregar Etiqueta
Sin Etiquetas, Sea el primero en etiquetar este registro!
|
| LEADER | 00592nam a22002055a 4500 | ||
|---|---|---|---|
| 001 | CEM.cems016063 | ||
| 008 | 130507s1954##################000#0#####d | ||
| 005 | 20210909190602.0 | ||
| 003 | CEMS | ||
| 245 | 1 | 0 | |a Enfermedades de las gallinas / |c Osvaldo R Peluffo, |
| 250 | |a 2a. ed. | ||
| 260 | |a Buenos Aires : |b Suelo Argentino, |c 1954 | ||
| 300 | |a 244 p. | ||
| 505 | 0 | |a Glosario de mamíferos salvajes | |
| 100 | 1 | |a Peluffo, Osvaldo R | |
| 082 | 0 | 4 | |a 636.52 |
| 653 | |a Aves | ||
| 653 | |a Aves-enfermedades | ||
| 859 | |a CEMS |b BIB. CEMS - Agricultura |h 636.52 |i P368a2 |p A7131.79 |t Ej.1 | ||
| 859 | |a CEMS |b BIB. CEMS | ||
